000 00768na a2200253 4500
001 24592
003 MIRAKIL
005 20190109120943.0
008 181214b tu 000 0
020 _a9755200134
041 _atur
082 _aATA 321.8
_bA47a 1990
090 _aATA 321.8 A47a 1990
100 _aAksoy, Muammer
245 _aAtatürk ve sosyal demokrasi
_cMuammer Aksoy
260 _aAnkara
_bGündoğan Yayınları
_c1990
300 _a88 s.
_c20 sm.
440 _aGündoğan yayınları
_v90.24
490 _aAtatürk düşünce dizisi
_v01.04
600 _aAtatürk, Mustafa Kemal
_cGazi
_d1881-1938
_xSiyasal ve sosyal görüşler
650 _aSosyal demokrasi
_xTürkiye
650 _aSiyaset ve yönetim
_xTürkiye
942 _2ddc
_cBKS
999 _c12537
_d12537